| 000 | 00412 a2200145 4500 | ||
|---|---|---|---|
| 020 | _aS/N | ||
| 040 | _aULA-LD-MS | ||
| 082 | _a658.3 | ||
| 100 |
_91088 _aVENTURA, Domitila Henrique |
||
| 245 | _aO Treinamento/Formaȯ̂ no desenvolvimento dos Trabalhadores: O Caso Clube Desportivo 1ð de Agosto | ||
| 260 |
_aLuanda _bUniversidade Lusa̕da _c2019 |
||
| 300 | _a88p | ||
| 650 | _aRecursos Humanos | ||
| 942 | _cTFC | ||
| 999 |
_c2265 _d2265 |
||